Normal view
MARC view
- Myers, David J
Entry Personal Name
001 - CONTROL NUMBER
- control field: 106495
003 - CONTROL NUMBER IDENTIFIER
- control field: NUST
005 - DATE AND TIME OF LATEST TRANSACTION
- control field: 20221230144928.0
008 - FIXED-LENGTH DATA ELEMENTS
- fixed length control field: 221230|| aca||aabn | a|a d
040 ## - CATALOGING SOURCE
- Original cataloging agency: NUST
- Transcribing agency: NUST
100 ## - HEADING--PERSONAL NAME
- Personal name: Myers, David J
670 ## - SOURCE DATA FOUND
- Source citation: Work cat.: (NUST)178707: Myers, David J., Mobile video telephony for 3G wireless networks /, c2005.
